000 00916nam a22003017a 4500
003 CHAP
005 20220329135107.0
008 971013s1919 r 00010 d
010 _a30804
011 _a31776
035 _a35888
040 _cCHAP
082 _a300
_bC6
100 0 0 _aCosío Villegas, Daniel.
_928458
245 _aEnsayos y notas
260 _aMéxico, D.F. :
_bHermes,
_c19 -19
300 _av.
500 _aLa biblioteca tiene: v.2
590 _aBATCH-UPD
_b10
_c20130110
_lUCH01
_h0137
590 _aBATCH-UPD
_b10
_c20130110
_lUCH01
_h2242
590 _aBATCH-UPD
_b10
_c20130409
_lUCH01
_h2134
590 _aBATCH-UPD
_b10
_c20130914
_lUCH01
_h0938
590 _aCONVERSION
_b10
_c20130109
_lUCH01
_h1317
650 1 4 _aCiencias sociales
_xDiscursos, ensayos, conferencias.
_923219
901 _aBK
942 _cLIBRO
949 _a300 C6
_bBC
_cLIBRO
_d33724000231122
_eLIBRO
_fv.2
_h51598
_i35888
_si
999 _c30804
_d30804